000
00294nam a2200145Ia 4500
100
_a
Ramachandran/Vilayanur
942
_c
BK
366
_f
20
245
_a
The emerging mind
260
_b
Viva
_c
2004
082
_a
611.8
_b
RAM
300
_a
208
546
_a
ENGLISH
_c
Computers
999
_c
34338
_d
34338